Word Biblical commentary : (Record no. 13886)

MARC details
000 -LEADER
fixed length control field 01194nam a22003017a 4500
003 - CONTROL NUMBER IDENTIFIER
control field AUA.1
005 - DATE AND TIME OF LATEST TRANSACTION
control field 20150407164907.0
008 - FIXED-LENGTH DATA ELEMENTS--GENERAL INFORMATION
fixed length control field 111222t xxu||||| |||| 00| 0 eng d
010 ## - LIBRARY OF CONGRESS CONTROL NUMBER
LC control number 8171768
020 ## - INTERNATIONAL STANDARD BOOK NUMBER
International Standard Book Number 0785250913
040 ## - CATALOGING SOURCE
Transcribing agency F
050 ## - LIBRARY OF CONGRESS CALL NUMBER
Classification number BS 491.2
Item number .W67 2003
100 ## - MAIN ENTRY--PERSONAL NAME
Personal name DeVries, Simon J.
9 (RLIN) 18343
245 ## - TITLE STATEMENT
Title Word Biblical commentary :
Remainder of title 1 Kings /
Statement of responsibility, etc Simon J. DeVries
250 ## - EDITION STATEMENT
Edition statement 2nd. ed.
260 ## - PUBLICATION, DISTRIBUTION, ETC. (IMPRINT)
Place of publication, distribution, etc Nashville :
Name of publisher, distributor, etc Thomas Nelson Pub.,
Date of publication, distribution, etc c2003.
300 ## - PHYSICAL DESCRIPTION
Extent lxiv, 286 p. :
Dimensions 24 cm.
440 ## - SERIES STATEMENT/ADDED ENTRY--TITLE
Title Word Biblical commentary :
Number of part/section of a work v.12, second edition
9 (RLIN) 48910
504 ## - BIBLIOGRAPHY, ETC. NOTE
Bibliography, etc Include bibliography and index.
650 ## - SUBJECT ADDED ENTRY--TOPICAL TERM
Form subdivision 1 Kings
General subdivision Bible
Chronological subdivision Commentaries
9 (RLIN) 18344
700 ## - ADDED ENTRY--PERSONAL NAME
Personal name Metzger, Bruce M.
9 (RLIN) 18345
Relator code General ed.
700 ## - ADDED ENTRY--PERSONAL NAME
Personal name John D.W. Watts
Relator code Old Testament ed.
9 (RLIN) 48912
700 ## - ADDED ENTRY--PERSONAL NAME
Personal name Watts, James W.
Relator code Old Testament ed.
9 (RLIN) 48913
700 ## - ADDED ENTRY--PERSONAL NAME
Personal name Ralph P.Martin
Relator code New Testament ed.
9 (RLIN) 48914
700 ## - ADDED ENTRY--PERSONAL NAME
Personal name Losie, Lynn Allan
Relator code New Testament ed.
9 (RLIN) 48915
942 ## - ADDED ENTRY ELEMENTS (KOHA)
Source of classification or shelving scheme Library of Congress Classification
Koha item type Reference Book
Classification part BS 491.2
Item part .W67 2003
Holdings
Withdrawn status Lost status Source of classification or shelving scheme Damaged status Not for loan Collection code Home library Current library Shelving location Date acquired Source of acquisition Cost, normal purchase price Serial Enumeration / chronology Total Checkouts Full call number Barcode Date last seen Date checked out Copy number Cost, replacement price Price effective from Koha item type
    Library of Congress Classification     Reference Shelves Judith Thomas Library Judith Thomas Library Reference Books 22/12/2011 Donation, Biblical Research Institute 25.00 AUA006161 1 BS 491.2 .W67 2003 AUA006161 24/11/2022 04/11/2022 v.12 25.00 22/12/2011 Reference Book